|
|
|
|
| LEADER |
00745nam a22001217a 4500 |
| 008 |
150903b xxu||||| |||| 00| 0 eng d |
| 082 |
|
|
|a 612.01448 ATT/I
|
| 100 |
|
|
|a Attix,Frank Herbert.
|
| 245 |
|
|
|a Introduction to radiological physics and radiation dosimetry.
|c Frank Herbert Attix.
|
| 942 |
|
|
|c RP
|
| 999 |
|
|
|c 169542
|d 169542
|
| 952 |
|
|
|0 0
|1 0
|4 0
|6 612_014480000000000_ATT_I
|7 0
|8 RPH
|9 188116
|a PHY
|b PHY
|c Radiation Physics
|d 2014-02-06
|e Book shop, Calicut University
|i RP187
|l 8
|m 3
|o 612.01448 ATT/I
|p PHYRP187
|q 2022-01-20
|r 2021-02-16
|s 2021-02-16
|w 2018-08-29
|y BK
|
| 952 |
|
|
|0 0
|1 0
|4 0
|6 612_014480000000000_ATT_I
|7 0
|8 RPH
|9 188117
|a PHY
|b PHY
|c Radiation Physics
|d 2014-02-06
|e Book shop, Calicut University
|i RP188
|l 5
|o 612.01448 ATT/I
|p PHYRP188
|r 2021-01-11
|s 2019-10-01
|w 2018-08-29
|y BK
|